=LDR 00000nam 2200000 4500 =001 INLIS000000000810423 =005 20251209085740 =035 ##$$a 0010-1225000061 =007 ta =008 251209###########################0###### =020 ##$$a 978-602-8062-46-6 =082 ##$$a 297.63 =084 ##$$a 297.63 KAT s =245 ##$$a Sirah / Nabi Muhammad /$c Al-Hafizh Ibnu Katsir =260 ##$$a Jakarta : :$b Pustaka Imam Asy-Syafi'i =300 ##$$a xxvi, 577 hlm. ; $c 24 cm